| 000 | 00469nam a22001337a 4500 | ||
|---|---|---|---|
| 020 | _qHB. | ||
| 040 | _cFizza Ishaq | ||
| 082 |
_a616.8527 _bROB |
||
| 100 |
_aM. D, Hirschfield Robert. _9133808 |
||
| 245 |
_aWhen the Blues Won't Go Away: New Approaches to Dysthymic Disorder and Other Forms of Chronic Low-Grade Depression / _cRobert Hirschfield M. D. |
||
| 260 |
_a New York; _bMacmillan Pub Co, _c1991. |
||
| 300 |
_a195 p. ; _c6.5 x 1 x 9.5 inches |
||
| 942 |
_2ddc _cBK |
||
| 999 |
_c616776 _d616776 |
||